000
00289nam a2200109Ia 4500
008
200302s9999 xx 000 0 und d
100
_a
Charles Jencks
245
_a
The Prince the architects and new wave monarchy
260
_b
Acdemy Editions Group LTd.
260
_c
1988
300
_a
56 P.,
999
_c
4136
_d
4136